Empresa. Llave en mano

Bibliographic Details
Main Author: Trejo Caballero, Juana
Corporate Author: Instituto Mexicano de Contadores Pb︢licos
Format: eBook
Language:Spanish
Published: [Mx̌ico] : Instituto Mexicano de Contadores Pb︢licos, 2007.
Subjects:
Online Access:Acceso restringido

MARC

LEADER 00000nam a22000007a 4500
005 20110907104352.0
008 110907t2007 mx |||||s|||| 00| 0 spa d
020 |a 978-970-665-281-2  
035 |a 5250 
040 |a vLex 
090 |c 2402  |d 2402 
100 1 |a Trejo Caballero, Juana 
245 1 0 |a Empresa. Llave en mano   |h [Recurso electrn̤ico] /  |c Juana Trejo Caballero  
256 |a Servicio en ln̕ea. 
260 |a [Mx̌ico] :  |b Instituto Mexicano de Contadores Pb︢licos,  |c 2007. 
300 |a 1 recurso electrn̤ico 
500 |a Llave en mano, preparada por la Comisin̤ de Apoyo al Ejercicio Independiente (CAEI) del Colegio de Contadores Pb︢licos de Mx̌ico, representa un documento de gran trascendencia, el cual contribuye a manejar prc̀ticamente todas las operaciones que una empresa debe llevar a cabo desde su constitucin̤, pasando por todo el proceso mercantil, legal y fiscal.  
506 1 |a Contenido solo disponible en los productos indicados  |d vLex Global  |d vLex Global (Academic Edition, excluding Law Schools)  |d vLex Global (U.S. Academic Edition, Law Schools)  |d vLex Global (U.S. Academic Edition, excluding Law Schools)  |d vLex Global (Academic Edition, Law Schools) 
650 0 4 |a Derecho mercantil  |z Mx̌ico 
710 2 |a Instituto Mexicano de Contadores Pb︢licos 
740 0 |a vLex Libros (Servicio en ln̕ea) 
856 4 0 |u http://vlex.com/source/empresa-llave-5250  |z Acceso restringido 
942 |c BOOK